Automatizovaný systém riadenia dopravnej sústavy ČSSR malý interaktívny rozhodovací systém

Salvato in:
Dettagli Bibliografici
Natura: Libro
Lingua:slovacco
Pubblicazione: Bratislava VŠE 1985
Tags: Aggiungi Tag
Nessun Tag, puoi essere il primo ad aggiungerne!!

MARC

LEADER 00000nam a2200000 4500
001 c041286
005 20260325115945.2
041 0 |a slo 
044 |a SK 
245 1 0 |a Automatizovaný systém riadenia dopravnej sústavy ČSSR  |b malý interaktívny rozhodovací systém 
264 1 |a Bratislava  |b VŠE  |c 1985 
300 |a 75 s.